Normal view
MARC view
Entry Personal Name
001 - CONTROL NUMBER
- control field: 13218
003 - CONTROL NUMBER IDENTIFIER
- control field: ARRUPE
005 - DATE AND TIME OF LATEST TRANSACTION
- control field: 20141210132525.0
008 - FIXED-LENGTH DATA ELEMENTS
- fixed length control field: 141210|| aca||aabn | a|a d
040 ## - CATALOGING SOURCE
- Original cataloging agency: ARRUPE
- Transcribing agency: ARRUPE
100 ## - HEADING--PERSONAL NAME
- Personal name: Peter,
- Titles and other words associated with a name: of Celle, Bishop of Chartres,
- Dates associated with a name: approximately 1115-1183.
670 ## - SOURCE DATA FOUND
- Source citation: Work cat.: (ARRUPE)0: Peter, of Celle, Bishop of Chartres, approximately 1115-1183., Peter of Celle, selected works /, c1987.